Statistiques concernant Pays les plus proches de la Somalie

Cliquez ici pour prendre le quiz!

Statistiques générales

  • Ce quiz a été pris 78 fois
  • Le résultat moyen est 16 sur 20

Statistiques - réponses

kmpays% Correct
0Kenya
99%
0Éthiopie
96%
749Soudan
96%
0Djibouti
93%
597Soudan du Sud
92%
425Tanzanie
91%
1082Rép dém du Congo
88%
133Yémen
88%
550Arabie Saoudite
87%
117Érythrée
87%
571Oman
86%
1135Rwanda
86%
988Mozambique
84%
666Ouganda
84%
1155Burundi
80%
1232Malawi
68%
1233Émirats arabes unis
62%
1280Zambie
62%
1209Seychelles
58%
1098Comores
51%

Distribution des résultats

Percentile par nombre de réponses

% des personnes avec chaque résultat

Votre développement - résultats

Vous n’avez pas pris ce quiz